Alex's Artist to Song Quiz #3 - Statistics

General Stats
  • This quiz has been taken 27 times
  • The average score is 14 of 30
Answer Stats
Hint Answer % Correct
Stayin' Alive (1977) Bee Gees
91%
Take On Me (1984) A-ha
86%
ABC (1970) The Jackson 5
86%
In da Club (2003) 50 Cent
77%
Johnny B. Goode (1958) Chuck Berry
77%
Somebody That I Used to Know (2011) Gotye
77%
Superstition (1972) Stevie Wonder
77%
Back in Black (1980) AC/DC
68%
Waterfalls (1995) TLC
68%
I Got You (I Feel Good) (1965) James Brown
64%
Stay with Me (2014) Sam Smith
64%
Insane in the Brain (1993) Cypress Hill
59%
Losing My Religion (1991) R.E.M
59%
Sledgehammer (1986) Peter Gabriel
50%
Rosanna (1982) Toto
41%
Ain't That a Kick in the Head? (1960) Dean Martin
32%
B.O.B (Bombs Over Bagdad) (2000) OutKast
32%
She Hates Me (2002) Puddle of Mudd
32%
I Can't Drive 55 (1984) Sammy Hagar
32%
Through the Fire and Flames (2006) DragonForce
27%
God Bless the USA (1984) Lee Greenwood
27%
Funkytown (1980) Lipps Inc
27%
Teenagers (2007) My Chemical Romance
27%
I Wish (1995) Skee Lo
23%
Fantastic Voyage (1994) Coolio
18%
Gentleman (2013) PSY
14%
Make It Bun Dem (2012) Skrillex & Damien Marley
14%
The Saga Begins (1999) "Weird Al" Yankovic
14%
Empire State Human (1979) Human League
9%
Pretty Vegas (2005) INXS
9%
No matching quizzes found
Score Distribution
Percent of People with Each Score
Percentile by Number Answered
Your Score History
You have not taken this quiz